000 00776nam a2200181 a 4500
008 180927s1988 ||||||||||||||||| || u
020 _a9780934613750
050 _aQA 76.9.D3 Ver
100 _aDeWitt, David J
245 1 0 _aVery large databases: proceedings of the fourteenth international conference on very large data bases
_cEdited by Francois Bancilhon & David J. Dewitt
260 _aLos Angeles:
_bMorgan Kaufman Publishers
_c1988
300 _axii, 490p.: ill.
350 _a54.49
650 _aDATABASE MANAGEMENT--CONGRESSES
650 _aDATABASE--CONGRESSES
700 _aBancilhon, Francois
995 _FCBU-MAIN LIBRARY (Kitwe)
_I54.49
_M1
_UAVAILABLE
_WFeb 1, 2019
_ZMain Library Open Access Collection
999 _c61285
_d61285